000 00533nim a2200193 i 4500
001 bgj
100 1 _aSLATTERY, Mary
245 0 _aEnglish for Primary Teachers :
_bclassroom extracts /
_cMary Slattery.
260 _aOxford :
_bOxford University Press,
_c2001.
300 _a1 CD-rom.
650 9 _aEnglish language
_xStudy and teaching |(Primary)
700 1 _aWILLIS, Jane
020 _a0194375617
040 _cBPK
041 0 _aeng
920 _a0-19-437561-7
942 _cCD
008 s uk f |000 0 eng
999 _c41218
_d41218
856 _uhttp://koha.tu.koszalin.pl/cgi-bin/koha/opac-detail.pl?biblionumber=41218
_yKatalog online BPK